00694nam a2200193 i 4500001000700000003000900007007000300016008004100019080002200060100003900082245008000121250001700201260003100218300002200249650005600271852003300327999001900360952012100379103028ES-MaACLt|051227s1910 sp ||||1| spa d a019.941:82-31"18"1 aLadrón de Guevara, Pablo.96944910aNovelistas malos y buenos / cjuzgados por el P. Pablo Ladrón de Guevara. a2ª ed. aum. aBilbao : b[s.n., c1910?] a528 p. ; c20 cm.14aNovela-yS.XIX-vBibliografías críticas.915604 aES-MaACLjG-12816 bR.136564 c103028d103028 00104070aATENEOMbATENEOMcSPP3d2008-01-17eSCl0oG-12816p1107579r2023-02-23 00:00:00w2023-02-23yMONOGRAFIA